000 00701nam a22002417a 4500
001 BINCO
003 CO-MdBIC
005 20220408172501.0
008 220408b1985 ag a|||| |||| 00| 0 spa d
020 _a8459913147
040 _a CO-MdBIC
_bspa.
_cCO-MdBIC
_d CO-MdBIC
041 _aspa
082 _222
_a843
_bD886
100 _aDumas, Philippe
_d1940
245 _aLa casa
_c/Dumas, Philippe, escritor
_f1940
260 1 _aBuenos Aires, Argentina:
_bESLA,
_c[1986]
260 4 _a©1986
300 _a37 paginas;
_bilustraciones a color:
_c19 cm.
490 _aveo- veo mi primera biblioteca
650 7 _9100
_aEducación infantil
700 _aMaría Elena Walsh
_etraductora
942 _cLGB
999 _c67709
_d67709